000 00604cam a2200217 4500
001 J108572
008 000000n1999 000 0 eng u
035 _a(Sirsi) u108572
050 _a333.337
110 _aLambert Smith Hampton
_92865
245 4 _aThe effects of the Trafford Centre - second report
260 _aManchester
_bLambert Smith Hampton
_c1999
300 _a9p. ; 30cm.
650 _aMANCHESTER
650 _aRETAIL
650 _aSHOPPING CENTRES
650 _aPROPERTY MARKET
650 _aCITY CENTRES
690 _aPROPERTY-COMMERCIAL PROPERTY-RETAIL PROPERTY
942 _n0
999 _c100824
_d100824